00856nam a2200193 i 4500001000700000003000700007005001700014008004100031080002300072100001900095245012800114260006100242300005200303490006600355650004900421700001800470830006600488852010800554189319SpMaBN20230906223439.0190522q1922 fr a |||| | spa d a94(100)"18/19"(07)1 aMalet, Albert.13aLa época contemporánea / cAlberto Malet, Julio Isaac ; versión castellana por Miguel Ruiz, cuidadosamente corregida. aParís : bEdiciones Españolas Hachette, c[ca. 1922] a2 v. (230 p.; 269 p.) : bil., mapas ; c19 cm.1 aCurso completo de historia para uso de la segunda enseñanza 7aHistoria contemporánea-vLibros escolares.1 aIsaac, Jules.0 aCurso completo de historia para uso de la segunda enseñanza aES-MaACLjL-32333-34 z- Enc. cart. z. - Donat. herederos de la bibl. de Mª del Pilar Costa Palacín